Contabilidad General con enfoque NIIF para pymes

Detalles Bibliográficos
Autor principal: Fierro Martn̕ez, ℓngel Mara̕
Formato: eBook
Lenguaje:español
Publicado: Bogot:̀ ECOE, 2015
Materias:
Acceso en línea:Acceso restringido

MARC

LEADER 00000nam a22000007a 4500
005 20161205003211.0
007 cr|||| ||||
008 161205s2015 co |||||s|||| 00||0 spa d
020 |a 978-958-771-182-0 
035 |a 14504 
040 |a vLex 
090 |c 6427  |d 6427 
100 1 |a Fierro Martn̕ez, ℓngel Mara̕ 
245 1 0 |a Contabilidad General con enfoque NIIF para pymes  |h [Recurso electrn̤ico] /  |c ℓngel Mara̕ Fierro Martn̕ez 
256 |a Servicio en ln̕ea 
260 |a Bogot:̀  |b ECOE,  |c 2015 
300 |a 1 recurso electrn̤ico 
500 |a La contabilidad es el lenguaje de los negocios y el soporte de las decisiones de los hombres de negocio, el no llevar la contabilidad de acuerdo a las normas de contabilidad, es como guiar un avin̤ sin medidor de gasolina, altm̕etro, velocidad o brj︢ula.” Bajo este precepto, se estructura una obra esencial de consulta y estudio para todo profesional que se vea en la necesidad de desempeąr labores de contabilidad en los negocios, y que requiera aprender el manejo de conceptos contables g̀iles que faciliten el aprendizaje, tanto ter̤ico como prc̀tico. Su exposicin̤ clara y sucinta de los componentes nucleares de la contabilidad y manejo de finanzas de una empresa son claves tambiň para estudiantes de diferentes r̀eas de la contabilidad. Los procesos aqu ̕detallados se rigen por las normas de contabilidad actuales en Colombia. La obra analiza el desarrollo de la contabilidad, se adentra en los principios que rigen la contabilidad en Colombia, contextualiza sus fundamentos ter̤icos y prc̀ticos, y hace comprensible el ciclo contable a travš de sus conceptos base. Desarrolla asimismo el proceso de la contabilidad en forma prc̀tica a la creacin̤ de una empresa y elabora documentos y reportes de libros, cierre contable y estados financieros. 
506 1 |a Disponible solo en los productos indicados  |d vLex Global  |d vLex Global (Academic Edition, excluding Law Schools)  |d vLex Global (U.S. Academic Edition, Law Schools)  |d vLex Global (U.S. Academic Edition, excluding Law Schools)  |d vLex Global (Academic Edition, Law Schools) 
650 0 4 |a Derecho Mercantil y de la Empresa  |z Colombia 
650 0 4 |a Economa̕ y negocios  |z Colombia 
650 0 4 |a Contabilidad  |z Colombia 
740 0 |a vLex Libros (Servicio en ln̕ea) 
856 4 0 |u http://vlex.com/source/contabilidad-general-con-enfoque-niif-para-pymes-14504  |z Acceso restringido 
942 |c BOOK 
999 0 |a Commercial and Company Law 
999 0 |a Economy and business 
999 0 |a Accounting